000 00416nam a22001697a 4500
003 MPLRDC
005 20220104114219.0
008 210129b ||||| |||| 00| 0 eng d
082 _a782.886 SLR-3
100 _a方宁
245 _a孙立人将军与缅战
_c
250 _a初版
260 _a
_b香港镜报文化企业有限
_c1987
300 _b
650 _a孙立人传记
942 _cBK
_o782.886 SLR-3
999 _c5719
_d5709